Vodné dielo na Dunaji a Rýne z aspektu poľnohospodárskej výroby.
Porovnanie problémov súvisiacich s výstavbou vodného diela Gabčíkovo-Nagymaros s podobnými problémami v iných krajinách. Porovnanie ekologických charakteristík pri budovaní vodných diel v zahraničí. SVD G-N bude priaznivejšie ekologicky vplývať na produkčnosť pôd a pôdnu genézu.
Saved in:
| Main Author: | |
|---|---|
| Other Authors: | |
| Format: | Book Chapter |
| Language: | Slovak |
| Subjects: | |
| Tags: |
No Tags, Be the first to tag this record!
|
MARC
| LEADER | 00000naa a2200000 4500 | ||
|---|---|---|---|
| 001 | r004750 | ||
| 005 | 20221125081618.7 | ||
| 041 | 0 | |a slo | |
| 044 | |a [CS] | ||
| 245 | 1 | 0 | |a Vodné dielo na Dunaji a Rýne z aspektu poľnohospodárskej výroby. |c P. Jambor, E. Fulajtár |
| 520 | |a Porovnanie problémov súvisiacich s výstavbou vodného diela Gabčíkovo-Nagymaros s podobnými problémami v iných krajinách. Porovnanie ekologických charakteristík pri budovaní vodných diel v zahraničí. SVD G-N bude priaznivejšie ekologicky vplývať na produkčnosť pôd a pôdnu genézu. | ||
| 610 | 2 | 0 | |a vodohospodárstvo |
| 610 | 2 | 0 | |a Slovensko |
| 610 | 2 | 0 | |a výroba poľnohospodárska |
| 610 | 2 | 0 | |a diela vodné |
| 610 | 2 | 0 | |a ekológia |
| 610 | 2 | 0 | |a Gabčíkovo-Nagymaros |
| 100 | 1 | |a Jambor, P. | |
| 700 | 1 | |a Fulajtár, E. | |